Linking the formal and informal economy: concepts and policies (Record no. 406493)

000 -LEADER
fixed length control field 00513cam a22001577a 4500
008 - FIXED-LENGTH DATA ELEMENTS--GENERAL INFORMATION
fixed length control field 180718b2006 xxu||||| |||| 00| 0 eng d
020 ## - INTERNATIONAL STANDARD BOOK NUMBER
International Standard Book Number 0199230676
082 ## - DEWEY DECIMAL CLASSIFICATION NUMBER
Classification number T2 K527
245 ## - TITLE STATEMENT
Title Linking the formal and informal economy: concepts and policies
Statement of responsibility, etc. edited by Basudeb Guha-Khasnobis, Ravi Kanbur, and Elinor
260 ## - PUBLICATION, DISTRIBUTION, ETC.
Place of publication, distribution, etc. Oxford
Name of publisher, distributor, etc. Oxford Univ. Press
Date of publication, distribution, etc. 2006
300 ## - PHYSICAL DESCRIPTION
Extent 294p.
650 ## - SUBJECT ADDED ENTRY--TOPICAL TERM
Topical term or geographic name entry element Informal sector (economics)
700 ## - ADDED ENTRY--PERSONAL NAME
Personal name Ostrom, Elinor
700 ## - ADDED ENTRY--PERSONAL NAME
Personal name Kanbur, Ravi
700 ## - ADDED ENTRY--PERSONAL NAME
Personal name Guha-Khasnobis, Basudeb
Holdings
Withdrawn status Lost status Damaged status Not for loan Permanent Location Current Location Date acquired Full call number Barcode Date last seen Price effective from Koha item type
        Indian Institute of Public Administration Indian Institute of Public Administration 2007-04-25 T2 K527 DA6302 2018-07-21 2018-07-21 DA

Powered by Koha